000
00321 a2200109 4500
001
ART_2184
005
20260410161723.0
008
260409a
245
1
0
_a
Contabilidad y auditoría
100
1
_a
García, Sergio O.
773
0
_t
Administración de empresas
_g
- Año XVI, Nº 189 (dic. 1985)
_w
REV2036
999
_c
17157
_d
17157